Bienvenue à la Médiathèque de Saint-Andiol
banniere
Accueil Recherche avancée Mon compte
handi1 Rechercher dans le catalogue

Filtre   Mots-clés
  Recherche avancée
 
Lister les dernières nouveautés
 
Lister les livres GROS CARACTERES
 
Lister les périodiques (magazines)

handi1 Toutes les aurores du monde

<< Retourner aux résultats de la recherche
Book Cover
Auteur principal : Audrey Alwett
Autres auteurs : Claudia Palescandolo Nora Moretti
Titre : Toutes les aurores du monde
Support : Livres
Langue : Francais
Publié : 2022 Soleil Toulon
Series : Princesse Sara
Genre : Bande Dessinée (enfants)
Collection : Princesse Sara
Sujets :
Étiquettes :
Pas de tags
LEADER 01135nam0a2200241 450
001 16858510
010 |a 978-2-302-09495-6  |b rel.  |d 11,5 € 
100 |a 20221104d2022 u u0frey01 ba 
101 0 |a fre 
102 |a FR 
200 0 |a Toutes les aurores du monde 
207 1 |a   
210 |a Toulon  |c Soleil  |d 2022 
215 |a 1 vol. (47 p.)  |c ill. en coul.  |d 30 cm 
225 1 |a Princesse Sara  |v 14 
330 |a Sara et Lavinia sont arrivées au Japon à bord de l'Université volante. Mais l'Ambassadeur croit Sara responsable d'une entourloupe qui met le Japon en danger. Comme réparation, il lui propose un marché. Sara et Lavinia sont contraintes de se jeter à l'eau. Tout ce qu'elles peuvent, c'est compter l'une sur l'autre et se tenir la main... ce qui ne déplaît pas à Lavinia. Pas du tout, même... 
461 0 |t Princesse Sara  |v 14 
700 0 |a Alwett  |b Audrey  |f 1982-....  |4 70 
702 0 |a Palescandolo  |b Claudia  |4 70 
702 0 |a Moretti  |b Nora  |f 1980-....  |4 70 
900 |a Bande Dessinée (enfants) 
901 |a Jeunesse 
995 |a Médiathèque  |c Médiathèque  |f 089019056  |h 089019056  |k BD PRI 14  |o p  |q j  |r az  |e Médiathèque